| 000 | 01667cam a2200481 a 4500 | ||
|---|---|---|---|
| 001 | 21713 | ||
| 003 | VRT | ||
| 005 | 20260309101135.0 | ||
| 008 | 240318s2002 xo a ar 000 j slo | ||
| 015 | _aSNBA2003/06-02028 | ||
| 020 |
_a8071466735 _q(brož.) |
||
| 035 | _aSNK000405874 | ||
| 035 | _aurn:nbn:sk:snk-amlrvo | ||
| 035 | _aurn:nbn:sk:snk-am00c8xo | ||
| 035 | _a50AE2312-B31E-4DD2-914B-D5621A5A3209 | ||
| 039 | 9 |
_a202407261046 _bcsnk01 _c202403181421 _dVLOAD _c202402262027 _dVLOAD _c201712151023 _dVLOAD |
|
| 040 |
_aSNK _bslo _cSNK _eAACR2 |
||
| 041 | 0 | _aslo | |
| 044 |
_axo _cSK |
||
| 072 | 7 |
_a821.162.4-3 _xSlovenská próza _2konspekt |
|
| 072 | 7 |
_a821-93 _2konspekt |
|
| 080 |
_a821.162.4-93 _22. slo |
||
| 080 |
_a821.162.4-3(0.053.2) _22. slo |
||
| 080 |
_a821.162.4-34 _21981 |
||
| 080 |
_a82-93 _21981 |
||
| 080 |
_a82-34 _21981 |
||
| 100 | 1 |
_aŠuplata, Václav, _d1956- _4aut |
|
| 245 | 1 | 0 |
_aPrečo majú lienky na chrbte bodky _cVáclav Šuplata ; ilustrácie Jano Valter |
| 250 | _a[1. vyd.] | ||
| 260 |
_aBratislava _bJunior _c[2002] |
||
| 300 |
_a46 s. _bfareb. ilustr. _c27 cm |
||
| 500 | _aIlustr. tit. strana | ||
| 655 | 7 |
_aslovenské rozprávky _2SNKPH |
|
| 655 | 7 |
_aliteratúra pre deti _2SNKPH |
|
| 655 | 7 |
_aautorské rozprávky _2SNKPH |
|
| 700 | 1 |
_aValter, Ján, _d1959-2017 _4ill |
|
| 942 |
_2ddc _cKLDE _n0 |
||
| 949 |
_62889367601 _asavukPV 4954 |
||
| 949 |
_617A0377338 _9P60, <03>, [BOOK], {603} _asnkSB 66495 _bsnkKSP 4073/2003 _s6100:20160606 |
||
| 949 |
_617A0377339 _9P60, <04>, [BOOK], {604} _asnkSB 66495 D1 _bsnkKSP 4074/2003 |
||
| 999 |
_c21713 _d21713 |
||